Statistics for Top 10 Non-English Languages Spoken in North Carolina

Click here to take the quiz!

General Stats

  • This quiz has been taken 117 times
  • The average score is 8 of 12

Answer Stats

%Language% Correct
6.93Spanish
100%
0.32French
99%
0.27Chinese
88%
0.27German
85%
0.11Russian
76%
0.17Arabic
72%
0.12Hindi
72%
0.24Vietnamese
67%
0.16Korean
66%
0.13Tagalog
52%
0.11Gujarati
19%
0.11Hmong
10%

Score Distribution

Percentile by Number Answered

Percent of People with Each Score

Your Score History

You have not taken this quiz